00402nam a2200145 a 4500008004100000020001500041050001600056100002000072245004700092260004100139300002100180350000900201650002200210650002400232120416s1973 ||||||||||||||||| || u a0471582956 aTK 7876 Mac aMcCray, James A10aElectronic circuit analysis for scientists aNew York:bJohn Wiley and Sonsc1973 a(9), 292p. : ill a0.00 aELECTRIC NETWORKS aELECTRONIC CIRCUITS